00271nam a2200121Ia 4500008004100000100000900041245002500050260002100075300000900096650002000105942000700125999001700132190216s9999||||xx |||||||||||||| ||und|| aNull 0aEntharu Mahanubavulu bD C Books Kerala a108p aMalayalam Novel cBK c27413d27413